Bytový dom

Na minha lista:
Detalhes bibliográficos
Autor principal: Pavlíková, Sabína (Author)
Outros Autores: Buday, Peter (Thesis advisor)
Formato: Manuscrito Livro
Idioma:eslovaco
Publicado em: 2024
Assuntos:
Acesso em linha:http://is.stuba.sk/zp/portal_zp.pl?podrobnosti=161952
https://opac.crzp.sk/?fn=detailBiblioForm&sid=D4AFBEDDECE97BC6333C0C9A1374
Tags: Adicionar Tag
Sem tags, seja o primeiro a adicionar uma tag!

MARC

LEADER 00000ntm a22000003a 4500
001 stuzp99000
003 SK-STU
005 20240917095556.1
007 ta
008 150427s2015----xo-----f-mn---000-0-slo-d
040 |a STU  |b slo 
041 0 |a slo 
100 1 |a Pavlíková, Sabína  |u 010180  |4 aut  |U SvF Stavebná fakulta  |T SvF Katedra konštrukcií pozemných stavieb  |X 110213  |U V180  |Y 18  |7 110213 
242 0 1 |a Residential Building  |y eng 
245 1 0 |a Bytový dom 
260 |c 2024 
650 4 |a pavlač  |2 slo 
650 4 |a realizačný projekt  |2 slo 
650 4 |a bytový dom  |2 slo 
650 4 |a balcony  |2 eng 
650 4 |a implementation project  |2 eng 
650 4 |a apartment building  |2 eng 
700 1 |a Buday, Peter  |u 010180  |k Z1  |4 ths  |U SvF Stavebná fakulta  |T SvF Katedra konštrukcií pozemných stavieb  |X 962  |U V180  |Y 18  |7 A000000962 
856 4 |u http://is.stuba.sk/zp/portal_zp.pl?podrobnosti=161952 
856 4 |u https://opac.crzp.sk/?fn=detailBiblioForm&sid=D4AFBEDDECE97BC6333C0C9A1374